000 00952nam a22002777a 4500
001 8922
003 FISKH
005 20251110081736.0
008 251031b cb ||||| |||| 00| 0 eng d
020 _a011475125549
040 _aFISKH
_beng
_cFISKH
_dFISKH
050 _aPZ10.L33235 W
082 _a791.06
100 _aLamm, C. Drew
245 _aWoodchuck at Blackberry road /
_cby C. Drew Lamm ; Illustrated by Allen Davis
260 _aNorwalk :
_bSmithsonian's Backyard,
_c1994.
300 _a30 unnumbered pages :
_bcolor illustrations ;
_c12 x 15 cm
505 _aQ
520 _aA woodchuck hibernates in the winter, gives birth in the spring, and teaches her young in the summer how to recognize and escape from predators.
521 8 _a660
_bLexile estimate
521 8 _aQ
_bRaz-Plus
650 _aAnimals
_vPicture book
_xGroundhog Day
700 _aDavis, Allen
_eillustrator
942 _2ddc
_cBK
_n0
999 _c8922
_d8922